000 00320nam a22001457a 4500
008 230901b ||||| |||| 00| 0 eng d
020 _a9780198519737
041 _aeng
080 _a159.9
082 _a159.9PEN
100 _a25
101 _aPSI
245 _aTHE EMPEROR'S NEW MIND
_cPENROSE .R
942 _2udc
_cBK
999 _c60247
_d60247